• 首页
  • 本馆介绍
  • 公告通知
  • 最新文献
  • 馆藏检索
  • 电子资源
  • 读者导购
  • 参考咨询
  • 我的图书馆
  • 登录
  • 详细信息显示
  • 放入我的书架
  • 预约/预借图书
  • 作者相关作品
  • 分类相关作品
  • 丛书相关作品
  • 出版社相关作品

书目信息

  • 表格格式
  • 工作单格式
  • 卡片格式
题名:
日记与书简
    
 
作者: 珂勒惠支 , Kollwitz 著 ;孙介铭 译
分册:  
出版信息: 上海   上海人民美术出版社  1984
页数: 200页
开本: 19cm
丛书名:
单 册:
中图分类: K835.165.7 , I516.6
科图分类:
主题词:
电子资源:
ISBN:
000 00768nam0 2200277 45
001 0184002068
005 20040413082804.7
010    @dCNY0.70
091    @a8081.13493
100    @a19950619d1984 em y0chiy0121 ea
101 1  @achi@cger
102    @aCN@b310000
105    @ay z 000zy
106    @ar
200 10 @a日记与书简@Ari ji yu shu jian@f(德)珂勒惠支(K.Kollwitz)著@g孙介铭译
210    @a上海@c上海人民美术出版社@d1984
215    @a200页@d19cm
600  1 @a珂勒惠支@bK.@x日记
690    @aK835.165.7@v3
690    @aI516.6
701  1 @a珂勒惠支@Ake le hui zhi@bK.@4著
701 A1 @aKollwitz@bK.@4著
702  0 @a孙介铭@Asun jie ming@4译
801  0 @aCN@b上海图书馆@c20040413
801  2 @aCN@bNLC@c20040413
905    @f2@b109580-581@dI516.6@e34
    
    日记与书简/(德)珂勒惠支(K.Kollwitz)著/孙介铭译.-上海:上海人民美术出版社,1984
    200页;19cm
    
    
    ISBN :CNY0.70
    
●
相关链接 在E读中查询图书 在五车中查询图书 在当当中查询图书 在豆瓣中查询图书


正题名:日记与书简     索取号:I516.6/34         预约/预借

序号 登录号 条形码 馆藏地/架位号 状态 备注
1 0109580   000331251   第二借阅区/ [索取号:I516.6/34] 在馆    
2 0109581   000331625   第二借阅区/ [索取号:I516.6/34] 在馆    
3 0109582   000331661   第一样本阅览室/ [索取号:I516.6/34] 在馆    
唐山师范学院图书馆 欢迎您!
大连网信软件有限公司© 版权所有